| 000 | 01958cam a22004814i 4500 | ||
|---|---|---|---|
| 003 | PE-LiUPU | ||
| 005 | 20250731165601.0 | ||
| 008 | 150625s r 000 0 d | ||
| 020 | _a8472288315 | ||
| 035 | _a(Sirsi) i9788472288317 | ||
| 040 |
_aPE-LiUPU _bspa _cPE-LiUPU _erda |
||
| 049 | _aPRUA | ||
| 082 | 0 | 4 |
_arc251 _bS29 _221 |
| 100 | 1 |
_aScroggie, W.G., _eautor. |
|
| 245 | 1 | 0 |
_aManual bíblico homilético / _cW.Graham, Scroggie. |
| 264 | 1 |
_aBarcelona : _bCLIE, _c1984. |
|
| 300 |
_a522 páginas ; _c23 centímetros |
||
| 336 |
_atext _2rdacontent |
||
| 337 |
_aunmediated _2rdamedia |
||
| 338 |
_avolume _2rdacarrier |
||
| 505 | 0 | _aBreve introducción a la Biblia. -Introducción al Antiguo Testamento. -Introducción al Pentateuco. -Introducción a los libros poéticos de la Biblia. -Introducción a los libros proféticos de la Biblia. -Nota final del Antiguo Testamento. -Introducción a los escritos apostólicos. -Introducción al grupo seteriológico de epístolas paulinas. -Introducción a las espístolas católicas. | |
| 526 | _aSEG44 | ||
| 526 | _aSEG26 | ||
| 526 | _aP151 | ||
| 526 | _aP150 | ||
| 526 | _aP149 | ||
| 526 | _aP146 | ||
| 526 | _aP145 | ||
| 526 | _aP126 | ||
| 526 | _aP125 | ||
| 526 | _aP92 | ||
| 526 | _aP75 | ||
| 526 | _aP74 | ||
| 526 | _aP27 | ||
| 526 | _aP15 | ||
| 630 |
_aBiblia _xManual. |
||
| 942 |
_2ddc _cBOOK |
||
| 949 |
_aRC 251 S29 _wDEWEY _c1 _i24557 _d2016-6-13 _e2016-6-12 _lCCODEBUL1 _mBUL _n1 _q1 _r0 _sY _tBOOK _u2015-6-25 _xTEOLOGIA _zUNKNOWN _0COMPRA _o.CIRCNOTE. No olvidar cambiar la fecha de devolución!!!!!!! _o.STAFF. Colección General |
||
| 994 |
_aC0 _bPEPRU |
||
| 596 | _a1 | ||
| 999 |
_aRC 251 S29 _wDEWEY _c46111 _i24557 _d46111 _e2016-6-12 _f2021-11-8 _g6 _lCCODEBUL1 _mBUL _n1 _q1 _r1 _sY _tBOOK _u2015-6-25 _xTEOLOGIA _zUNKNOWN _0COMPRA _o.CIRCNOTE. No olvidar cambiar la fecha de devolución!!!!!!! _o.STAFF. Colección General |
||
| 980 |
_81 _gALBERTO SANCHEZ Responsable de Automatización |
||